书目信息 |
| 题名: |
景观文法
|
|
| 作者: | 维拉赫 编著 ;张锦惠 , 林长郁 译 | |
| 分册: | ||
| 出版信息: | 北京 中国建筑工业出版社 2011.05 |
|
| 页数: | 199页 | |
| 开本: | 26cm | |
| 丛书名: | 国外景观设计丛书 | |
| 单 册: | ||
| 中图分类: | TU-856 | |
| 科图分类: | ||
| 主题词: | 景观--jing guan--建筑设计--德国 | |
| 电子资源: | ||
| ISBN: | 978-7-112-12900-3 | |
| 000 | 01105nam 2200289 450 | |
| 001 | 296968 | |
| 005 | 20191103101458.12 | |
| 010 | @a978-7-112-12900-3@dCNY65.00 | |
| 100 | @a20110806d2011 em y0chiy50 ea | |
| 101 | 1 | @achi@cger |
| 102 | @aCN@b110000 | |
| 105 | @aa z 000yy | |
| 200 | 1 | @a景观文法@Ajing guan wen fa@e彼得·拉兹事务所的景观建筑@f(德) 乌多·维拉赫编著@g林长郁, 张锦惠译 |
| 210 | @a北京@c中国建筑工业出版社@d2011.05 | |
| 215 | @a199页@c彩图@d26cm | |
| 225 | 2 | @a国外景观设计丛书@Aguo wai jing guan she ji cong shu |
| 306 | @a由Birkhauser Verlag AG出版社授权 | |
| 330 | @a本书主要内容包括: 景观建筑的文化性创价 ; 景观信息层。景观是如何作用的 ; 与“劣地”共舞 ; 设计作为实验性的创造发明。 | |
| 410 | 0 | @12001 @a国外景观设计丛书 |
| 517 | 1 | @a彼得·拉兹事务所的景观建筑@Abi de · la zi shi wu suo de jing guan jian zhu |
| 606 | 0 | @a景观@Ajing guan@x建筑设计@y德国 |
| 690 | @aTU-856@v5 | |
| 701 | 1 | @a维拉赫@Awei la he@g(Weilacher, Udo)@4编著 |
| 702 | 0 | @a张锦惠@Azhang jin hui@4译 |
| 702 | 0 | @a林长郁@Alin chang yu@4译 |
| 801 | 0 | @aCN@c20110610 |
| 905 | @dTU-856@eW7101 | |
| 景观文法:彼得·拉兹事务所的景观建筑/(德) 乌多·维拉赫编著/林长郁, 张锦惠译.-北京:中国建筑工业出版社,2011.05 |
| 199页:彩图;26cm.-(国外景观设计丛书) |
| ISBN 978-7-112-12900-3:CNY65.00 |
| 本书主要内容包括: 景观建筑的文化性创价 ; 景观信息层。景观是如何作用的 ; 与“劣地”共舞 ; 设计作为实验性的创造发明。 |
| ● |
| 相关链接 |
|
|
|
正题名:景观文法
索取号:TU-856/W7101
 
预约/预借
| 序号 | 登录号 | 条形码 | 馆藏地/架位号 | 状态 | 备注 |
| 1 | 1449886 | 214498863 | 建筑库101/101建筑库 18排4列3层/ [索取号:TU-856/W7101] | 在馆 | |
| 2 | 1449887 | 214498872 | 建筑库101/101建筑库 18排4列3层/ [索取号:TU-856/W7101] | 在馆 | |
| 3 | 1449888 | 214498881 | 建筑库101/101建筑库 18排4列3层/ [索取号:TU-856/W7101] | 在馆 | |
| 4 | 1449889 | 214498890 | 建筑库101/101建筑库 18排4列3层/ [索取号:TU-856/W7101] | 在馆 | |
| 5 | 1449890 | 214498907 | 建筑库101/101建筑库 18排4列3层/ [索取号:TU-856/W7101] | 在馆 | |
| 6 | 889770 | 208897700 | 建筑库101/101建筑库 18排4列3层/ [索取号:TU-856/W7101] | 在馆 | |
| 7 | 889771 | 208897719 | 建筑与城市规划学院资料室/101建筑库 110排6列2层/ [索取号:TU-856/W7101] | 在馆 | |
| 8 | 889772 | 208897728 | 建筑库101/101建筑库 18排4列3层/ [索取号:TU-856/W7101] | 在馆 |